000 00640nam a22002177a 4500
005 20170828163302.0
010 _aB-59506
020 _c00.00
035 _aB-059506
037 _bCen Lib/Ret
082 _a327.54
_2NAY
100 _aNayar, Baldev Raj
245 _aIndia and the major powers after pokhram ii /
_cby Baldev Raj Nayar
260 _aNew Delhi
_bHar-anand publications
_c2001
270 _bNew Delhi
_aD-9, Anand niketan
_e110021
300 _a208.
_c21cm(Hb)
500 _aIncludes appendix
650 _aInternational relations
_y
650 _aRoreign policy
942 _2ddc
_cEN
_h327.54
_mNAY
999 _c124597
_d124597